[Event "2019 Lidums Young Masters Open"]
[Site "Adelaide, Australia"]
[Date "2019.12.13"]
[Round "9"]
[White "He, Caleb"]
[Black "Kiripitige, Chathula"]
[Result "0-1"]
[BlackElo "1668"]
[EventDate "2019.12.7"]
[WhiteElo "1668"]

1.c4 e5 2.g3 Nf6 3.Bg2 Bc5 4.Nc3 c6 5.e3 O-O 6.Nge2 d5 7.cxd5 cxd5 8.d4
exd4 9.exd4 Bb6 10.O-O h6 11.Nf4 Nc6 12.Be3 Be6 13.Nh5 Nxh5 14.Qxh5 Bxd4
15.Bxd4 Nxd4 16.Nxd5 Bxd5 17.Bxd5 Qb6 18.b3 Rad8 19.Bg2 Rd6 20.Rac1 Qa6
21.Rc7 Qxa2 22.Rxb7 a5 23.Re1 Rf6 24.f4 Ne6 25.Qe5 Qd2 26.Re2 Qd1+ 27.Kf2
Nd8 28.Rb5 Re6 29.Qb2 Rfe8 30.Bf3 Rxe2+ 31.Bxe2 Qh1 32.Rxa5 Qxh2+ 33.Kf3
Ne6 34.Re5 Qh1+ 35.Kf2 Qh2+ 36.Kf3 f6 37.Re3 Qh1+ 38.Kf2 Qh2+ 39.Kf3 Qh1+
40.Kf2 Qh2+ 41.Ke1 Qg1+ 42.Kd2 Rd8+ 43.Bd3 Qf2+ 44.Re2 Qxg3 45.Rxe6 Qxd3+
46.Ke1 Qd1+   0-1

[Event "2019 Lidums Young Masters Open"]
[Site "Adelaide, Australia"]
[Date "2019.12.13"]
[Round "9"]
[White "He, Paul"]
[Black "Retnaraja, Ethan"]
[Result "0-1"]
[BlackElo "1433"]
[EventDate "2019.12.7"]
[WhiteElo "1612"]

1.c4 Nf6 2.g3 c6 3.Bg2 d5 4.Nf3 e6 5.b3 Be7 6.O-O O-O 7.Bb2 Nbd7 8.Qc2 a5
9.d3 b5 10.Nbd2 Bb7 11.e4 a4 12.e5 Ne8 13.bxa4 bxa4 14.Bc3 Nc7 15.Rfb1
Qc8 16.Bb4 c5 17.Ba3 f6 18.cxd5 Bxd5 19.d4 fxe5 20.dxe5 Na6 21.Qc3 Nb4
22.Bxb4 cxb4 23.Qd3 Qa6 24.Qxa6 Rxa6 25.Bf1 Rb6 26.Nd4 Nxe5 27.Bb5 Bc5
28.Nc4 Nxc4   0-1

[Event "2019 Lidums Young Masters Open"]
[Site "Adelaide, Australia"]
[Date "2019.12.13"]
[Round "9"]
[White "Pattison, Hamish"]
[Black "Xing, Zerui"]
[Result "1-0"]
[BlackElo "1453"]
[EventDate "2019.12.7"]
[WhiteElo "1409"]

1.d4 d5 2.c4 e6 3.Nc3 Nf6 4.Nf3 Bb4 5.a3 Bxc3+ 6.bxc3 O-O 7.cxd5 exd5 8.e3
b6 9.Bd3 Nbd7 10.O-O Bb7 11.c4 c5 12.Bb2 Rc8 13.Rc1 Ne4 14.Nd2 f5 15.Nxe4
dxe4 16.Be2 Qg5 17.g3 cxd4 18.Bxd4 Rcd8 19.Qa4 Qg6 20.Qxa7 Qc6 21.c5 bxc5
22.Bxc5 Nxc5 23.Qxc5 Qh6 24.Rfd1 Rc8 25.Qe7 Rxc1 26.Rxc1 Bd5 27.Qc5 Be6
28.a4 Ra8 29.a5 Qf6 30.a6 Qf7 31.Rb1 h6 32.Rb7 Qe8 33.a7 Bd7 34.Qc7 Rd8
35.Bb5 Rc8 36.Qxd7 Rc1+ 37.Kg2 Qg6 38.a8=Q+ Kh7 39.Qxg7+ Qxg7 40.Rxg7+
Kxg7 41.Qa7+ Kg6 42.Be8+ Kg5 43.Qe7+ Kg4 44.h3#   1-0

[Event "2019 Lidums Young Masters Open"]
[Site "Adelaide, Australia"]
[Date "2019.12.13"]
[Round "9"]
[White "Watkins, Rachel Jane"]
[Black "Rahman, Raad"]
[Result "0-1"]
[BlackElo "1619"]
[EventDate "2019.12.7"]
[WhiteElo "1230"]

1.e4 c5 2.Nf3 Nc6 3.d4 cxd4 4.Nxd4 e5 5.Nf3 Nf6 6.Nc3 Bb4 7.Bd3 d5 8.Nd2
d4 9.Ne2 O-O 10.O-O Be6 11.Nf3 Nd7 12.Bd2 Bxd2 13.Qxd2 Bg4 14.c3 Bxf3 15.gxf3
dxc3 16.Nxc3 Nd4 17.Qe3 Nc5 18.Rad1 Nce6 19.Kh1 Nf4 20.Ne2 Ndxe2 21.Bxe2
Qe7 22.Rg1 h6 23.Bc4 b6 24.Rg3 Kh8 25.Rdg1 g5 26.Qb3 f6 27.Rd1 Rfd8 28.Rgg1
Qc5 29.Qc2 b5 30.Bb3 Qxc2 31.Bxc2 Rd4 32.Rge1 Rad8 33.Rxd4 exd4 34.Rd1
d3 35.Rd2 Rc8 36.Bb3 a5 37.a4 b4 38.Rd1 Kg7 39.Kg1 Kg6 40.Kf1 Kh5 41.Kg1
Kh4 42.Kh1 Kh3 43.Rg1 h5 44.Rg3+ Kh4 45.Rg1 d2 46.Rd1 Rc1 47.Kg1 Rxd1+
48.Bxd1 Nd3 49.Kf1 Nxb2 50.Ke2 Nxd1 51.Kxd1 Kh3 52.Kxd2 Kxh2 53.Kd3 Kg2
  0-1